| 000 | 01007nam a2200289 i 4500 | ||
|---|---|---|---|
| 003 | CO-BoRNBP | ||
| 005 | 20250218084846.0 | ||
| 007 | ta | ||
| 008 | 250218r2023 ck a|||| |||| 00| 0 spa d | ||
| 020 | _a9786289529494 | ||
| 040 |
_aCO-BoRNBP _bspa _cCO-BoRNBP _erda |
||
| 041 | _aspa | ||
| 084 | _aC GAG2 | ||
| 100 | 1 |
_aGago, Andrea _d1986- _eautora _958483 |
|
| 245 | 1 | 3 |
_aLa discusión/ _cilustraciones y texto de Andrea Gago |
| 250 | _aEdición especial | ||
| 264 | 1 |
_aBogotá, Colombia: _bFundación Mulato _c2023 |
|
| 300 |
_a20 páginas sin numerar, _bilustraciones a color, _c16 cm |
||
| 336 |
_2rdacontent _atexto _btxt |
||
| 337 |
_2rdamedia _asin mediación _bn |
||
| 338 |
_2rdacarrier _avolumen _bnc |
||
| 521 | _aRecomendado para un público infantil mayor de 3 años | ||
| 650 | 1 | 7 |
_2ARMARC _aCuentos infantiles peruanos _vSiglo XX _958484 |
| 650 | 1 | 7 |
_2ARMARC _aLiteratura infantil peruana _vSiglo XX _958485 |
| 650 | 1 | 7 |
_2ARMARC _aConflictos interpersonales _vCuentos _958486 |
| 942 |
_2ddc _cBKINF |
||
| 999 |
_c56917 _d56917 |
||